| 000 | 00833 a2200277 4500 | ||
|---|---|---|---|
| 999 |
_c77947 _d28965 |
||
| 001 | 77947 | ||
| 003 | TR-AnTOB | ||
| 005 | 20241225165850.0 | ||
| 008 | 100901s2009 tu 100 0 | ||
| 020 | _a9789750606816 | ||
| 040 |
_aTR-AnTOB _beng _cTR-AnTOB |
||
| 041 | 0 | _atur | |
| 050 | 1 | 4 | _aN6501.İ4332009 |
| 090 | _aN6501.İ433 2009 | ||
| 111 | 2 |
_aUluslararası Katılımlı Güzel Sanatlar ve Tasarım Sempozyumu _d(2009 : _cEskişehir, Turkey) _963721 |
|
| 245 | 0 | 0 | _aİmece2009 Sempozyum Sergi Kataloğu |
| 264 | 1 |
_aEskişehir: _bAnadolu Üniversitesi Basımevi, _c2009. |
|
| 300 |
_a123s ; _c28cm. |
||
| 650 | 0 |
_aSanat, Türk _y21. yüzyıl _vSergiler _9103558 |
|
| 650 | 7 |
_aSanat, Modern _y21. yüzyıl _vSergiler _2etuturkob _990223 |
|
| 902 | _a32087 | ||
| 903 | _aMrekez Kütüphane | ||
| 942 |
_cBK _2lcc |
||
| 945 | _ago | ||